000 00366nam a2200133Ia 4500
008 231221s9999 xx 000 0 und d
020 _a978-1-4471-5007-7
041 _aEnglish
100 _aPhilippe Lalanda, Julie A. McCann, Ada Diaconescu
245 0 _aAutonomic Computing
260 _c2013
_bSpringer US
_aNew York
650 _aComputer Science
942 _cEB
999 _c218707
_d218707